00711nam a22002057a 450000500170000001000150001702000260003203500140005803700130007208200110008524501580009626000380025427000460029230000260033850000510036470000210041570000310043670000170046770000210048420161116111348.0 aENG-116542 a9788125059684c675.00 aEN-100074 bDBAD/PUB a323.63 aThe state of being stateless :ban account of South Asia /cby Paula Banerjee, Anasua Basu Ray Chaudhary, [and] Atig Ghosh ; foreword by Ranbir Samaddar aNew DelhibOrient BlackSwanc2016 a1/24 Asaf Ali Road, bNew Delhie1100002 axvii,283p.c23cm (Hb) a Includes bibliographical references and index a Banerjee, Paula a Ray Chaudhary,Anasua Basu aGhosh, Atig  aSamddar, Ranabir